Una muger [sic] generosa (Record no. 171182)

MARC details
000 -LEADER
campo de control de longitud fija 00701nam a22001575i 4500
001 - NÚMERO DE CONTROL
campo de control 171182
003 - IDENTIFICADOR DE NÚMERO DE CONTROL
campo de control ES-MaACL
005 - FECHA Y HORA DE LA ÚLTIMA TRANSACCIÓN
campo de control 20230912063111.0
008 - DATOS DE LONGITUD FIJA--INFORMACIÓN GENERAL
campo de control de longitud fija 090504s1838 sp |||| | spa d
100 1# - ENTRADA PRINCIPAL--NOMBRE DE PERSONA
Nombre de persona Campoamor, Ramón de,
Fechas asociadas al nombre 1817-1901
9 (RLIN) 34232
245 14 - MENCIÓN DEL TÍTULO
Título Una muger [sic] generosa
Resto del título : comedia original en dos actos y en verso /
Mención de responsabilidad, etc. por Ramón Campoamor.
260 ## - PUBLICACIÓN, DISTRIBUCIÓN, ETC.
Lugar de publicación, distribución, etc. Madrid :
Nombre del editor, distribuidor, etc. [s.n.],
Fecha de publicación, distribución, etc. 1838 (
Fabricante Imp. de los hijos de Doña Catalina Piñuela)
300 ## - DESCRIPCIÓN FÍSICA
Extensión 42 p. ;
Dimensiones 17 cm.
852 ## - LOCALIZACIÓN
Ubicación ES-MaACL
Número de control de estantería F-8589(1)
Nota libre .- Enc. pasta epañola
condición física - Falto de la cub. original
Nota libre - Enc. en un vol. facticio formando parte de la col. facticia "Teatro español moderno", vol. 42
Holdings
Estatus retirado Estado de pérdida Estado de daño No para préstamo Colección Biblioteca de origen Biblioteca actual Ubicación en estantería Fecha de adquisición Fuente de adquisición Total de préstamos Signatura topográfica completa Código de barras Visto por última vez Precio de reemplazo Tipo de ítem Koha
        Libros del s. XIX Biblioteca del Ateneo de Madrid Biblioteca del Ateneo de Madrid Sala Pecera Planta 2 04/05/2009     F-8589(1) 1179647 23/02/2023 23/02/2023 Libro impreso antiguo